G8 - politika za ostnatým drôtom

Vrcholná schôdzka predstaviteľov siedmich hospodársky najvyspelejších krajín sveta a Ruska. Problémy, ktoré sa rozoberali na summite. Odmietavý postoj demonštrantov ku globalizácii a nespravodlivému usporiadaniu sveta. G8 a súčasná situácia vo svete - G8 "priúzka" a málo reprezentatívna pre súčasný...

ver descrição completa

Na minha lista:
Detalhes bibliográficos
Autor principal: Pressburg, Adrian Peter
Formato: Capítulo de Livro
Idioma:eslovaco
Assuntos:
Tags: Adicionar Tag
Sem tags, seja o primeiro a adicionar uma tag!

MARC

LEADER 00000naa$a2200000$$$4500
001 0059198
005 20231009073437.9
041 0 |a slo 
044 |a SK 
245 1 0 |a G8 - politika za ostnatým drôtom  |c Adrian Peter Pressburg 
520 |a Vrcholná schôdzka predstaviteľov siedmich hospodársky najvyspelejších krajín sveta a Ruska. Problémy, ktoré sa rozoberali na summite. Odmietavý postoj demonštrantov ku globalizácii a nespravodlivému usporiadaniu sveta. G8 a súčasná situácia vo svete - G8 "priúzka" a málo reprezentatívna pre súčasný svet. Afrika ako veľký súčasný problém G8. Ekológia. Otázka emisií skleníkových plynov. Putin a Bush. 
610 2 0 |a vzťahy hospodárske medzinárodné 
610 2 0 |a krajiny vyspelé 
610 2 0 |a Rusko 
610 2 0 |a rozvoj hospodársky 
610 2 0 |a rast hospodársky 
610 2 0 |a ekológia 
610 2 0 |a emisie 
610 2 0 |a summity 
610 2 0 |a G8 
100 1 |a Pressburg, Adrian Peter